Statistics for Red Star Belgrade Best Scorer By Year

Click here to take the quiz!

General Stats

  • This quiz has been taken 196 times
    (192 since last reset)
  • The average score is 9 of 44

Answer Stats

Player% Correct
Aleksandar Katai
83%
Darko Pančev
76%
Mirko Ivanić
64%
Dragan Džajić
54%
Dušan Savić
53%
Dragan Stojković
50%
Richmond Boakye
48%
Nikola Žigić
44%
Aleksandar Pešić
43%
Hugo Vieira
32%
Marko Pantelić
31%
Bora Kostić
27%
Darko Lazović
22%
Mihajlo Pjanović
20%
Nenad Milijaš
20%
Andrija Kaluđerović
19%
Dejan Lekić
15%
Dragan Mrđa
14%
Kadú
13%
Zoran Filipović
13%
Boško Janković
12%
Darko Kovačević
12%
Ben Nabouhane
10%
Nenad Jestrović
9%
Dušan Đokić
7%
Nebojša Krupniković
7%
Ognjen Mudrinski
7%
Saša Marković
7%
Vojin Lazarević
7%
Jovan Aćimović
6%
Kosta Tomašević
6%
Stanislav Karasi
6%
Anto Drobnjak
5%
Milko Đurovski
5%
Zoran Jovičić
5%
Ilija Ivić
4%
Zdravko Borovnica
4%
Sulejman Halilović
2%
Tihomir Ognjanov
2%
Zoran Prljinčević
2%
Anton Rudinski
1%
Dušan Maravić
1%
Ivan Toplak
1%
Todor Živanović
1%

Score Distribution

Percentile by Number Answered

Percent of People with Each Score

Your Score History

You have not taken this quiz since the last reset